| 000 | 00969cab a2200313 4500 | ||
|---|---|---|---|
| 001 | ABS47208 | ||
| 008 | 090401t1992 xxu||||| |||| 00| 0 eng d | ||
| 035 | _a(Sirsi) u61052 | ||
| 041 | _aeng | ||
| 100 | _aAdams, C. D. | ||
| 245 | 4 | _aThe demand for industrial land : a north west case study | |
| 260 | _c1992 | ||
| 350 | _a0 | ||
| 490 |
_aRegional Studies _v26(6) 1992, 586-592(7) |
||
| 520 | _aDiscusses trends in industrial rents and land prices and the relative importance of users, developers and investors in one sub-regional industrial market. Based on research undertaken at the University of Manchester. | ||
| 650 | _aBIRKENHEAD | ||
| 650 | _aCHESTER | ||
| 650 | _aCREWE | ||
| 650 | _aELLESMERE PORT | ||
| 650 | _aLAND PRICES | ||
| 650 | _aMARKET | ||
| 650 | _aNORTH-WEST | ||
| 650 | _aWIRRAL | ||
| 690 | _aPROPERTY-COMMERCIAL PROPERTY | ||
| 700 | _aRussell, L. | ||
| 700 | _aTaylor-Russell, C. | ||
| 942 | _n0 | ||
| 948 | _c04/03/1997 | ||
| 999 |
_c37747 _d37747 |
||